Normal view
MARC view
- التاريخ الاسلامي- الفرق الاسلامية
Entry Topical Term
001 - CONTROL NUMBER
- control field: 57138
003 - CONTROL NUMBER IDENTIFIER
- control field: JO-AjAnu
005 - DATE AND TIME OF LATEST TRANSACTION
- control field: 20230606083347.0
008 - FIXED-LENGTH DATA ELEMENTS
- fixed length control field: 230606|| aca||aabn | a|a d
040 ## - CATALOGING SOURCE
- Original cataloging agency: JO-AjAnu
- Transcribing agency: JO-AjAnu
150 ## - HEADING--TOPICAL TERM
- Topical term or geographic name entry element: التاريخ الاسلامي- الفرق الاسلامية
670 ## - SOURCE DATA FOUND
- Source citation: Work cat.: (JO-AjAnu)29154: تاليف عمر، فاروق, author 57137, التاريخ الإسلامي وفكر القرن العشرين : دراسات نقدية في تفسير التاريخ